000 01388nam a22002657a 4500
005 20170124102932.0
010 _aB-070831
020 _c400.00
_a8170543436
035 _aB-070831
037 _bCen Lib/Ret
040 _aDPL
_bHN
082 _a344.54046
_bजुमना
100 _aजुमनानी, राजेन्द्र कुमार
_942777
245 _aपर्यावरण संरक्षण विधि एवं न्यायिक सक्रियता /
_cराजेन्द्र कुमार जुमनानी
246 _aParyavarn sanrakshan vidhi ewam nyayik sakriyeta /
_bby Rajendra Kumar Jumnani
260 _bक्लासिकल पब्लिशिंग कम्पनी
_aनई दिल्ली
_c2002
270 _a28, शॉपिंग काम्प्लेक्स, कर्मपुरा
_bनई दिल्ली
_e110015
300 _axviii,212पृ.
_c21सेमी (सजिल्द)
500 _aसंदर्भ शामिल
650 _aपर्यावरण संरक्षण -- स्वरुप
_9309
650 _aपर्यावरण संरक्षण विधि
_945510
650 _aEnvironmental Protection - form
_945511
650 _aEnvironmental Protection Law
_945512
942 _2ddc
_cHN
_h344.54046
_mजुमना
999 _c112020
_d112020